00789cam a2200181 a 4500020001500000040000800015082002600023245014100049246005900190260012800249300003800377500003300415650002300448700002000471700002000491700002100511710007500532 a9715600204 cDLC00a632 SEA 1998 A052 Co.00aEmpowering farmers :bthe Philippine national integrated pest management program : updates and perspectives in sustainable agriculture /30aPhilippine national integrated pest management program aCollege, Los Baños, Laguna, Philippines :bSEAMEO Regional Center for Graduate Study and Research in Agriculture,cc1998. axi, 114 p. :bill., map ;c28 cm. aSeries statement from p. xi. 0aAgricultural pests1 aNavarro, Rex L.1 aMedina, Jose R.1 aCallo, Damaso P.2 aSEAMEO Regional Center for Graduate Study and Research in Agriculture.